A big guy took my ball! / (Record no. 47624)
| 000 -LEADER | |
|---|---|
| fixed length control field | 00357nam a2200133 4500 |
| 020 ## - INTERNATIONAL STANDARD BOOK NUMBER | |
| International Standard Book Number | 9781423174912 |
| 100 ## - MAIN ENTRY--PERSONAL NAME | |
| Personal name | Willems, Mo |
| 245 ## - TITLE STATEMENT | |
| Title | A big guy took my ball! / |
| Statement of responsibility, etc | Mo Willems |
| 260 ## - PUBLICATION, DISTRIBUTION, ETC. (IMPRINT) | |
| Place of publication, distribution, etc | New York |
| Name of publisher, distributor, etc | Hyperion Books |
| Date of publication, distribution, etc | 2013 |
| 300 ## - PHYSICAL DESCRIPTION | |
| Extent | 57 p. |
| Other physical details | col. ill. |
| Dimensions | 23 cm. |
| 490 ## - SERIES STATEMENT | |
| Series statement | An Elephant & Piggie Book |
| 650 ## - SUBJECT ADDED ENTRY--TOPICAL TERM | |
| Topical term or geographic name as entry element | Story Book |
| 9 (RLIN) | 68345 |
| 942 ## - ADDED ENTRY ELEMENTS (KOHA) | |
| Source of classification or shelving scheme | |
| Koha item type | Book |
| Withdrawn status | Lost status | Source of classification or shelving scheme | Damaged status | Not for loan | Home library | Current library | Date acquired | Total Checkouts | Full call number | Barcode | Checked out | Date last seen | Date checked out | Price effective from | Koha item type | Shelving location | Public note |
|---|---|---|---|---|---|---|---|---|---|---|---|---|---|---|---|---|---|
| Asian Hope Early Years Library | Asian Hope Early Years Library | 10/18/2024 | 24 | E WIL | 206707 | 04/28/2026 | 04/28/2026 | 04/28/2026 | 10/18/2024 | Book | |||||||
| Asian Hope Early Years Library | Asian Hope Early Years Library | 05/12/2025 | E WIL | 207457 | 05/12/2025 | 05/12/2025 | Book | Easy Reading | YEAR 1 BOOK |